|
|
|
|
| LEADER |
00935nam a2200265 a 4500 |
| 001 |
27493 |
| 005 |
20130917163615.0 |
| 008 |
130917s1984 nyua b 001 0 eng |
| 010 |
|
|
|a 84002220
|
| 020 |
|
|
|a 0471884707
|
| 040 |
|
|
|a DLC
|c DLC
|d DLC
|d BD-DhAAL
|
| 050 |
0 |
0 |
|a TK9204
|b .G74 1984
|
| 082 |
0 |
0 |
|a 621.48/4
|2 19
|
| 100 |
1 |
|
|a Gross, Robert A.,
|d 1927-
|9 3157
|
| 245 |
1 |
0 |
|a Fusion energy /
|c Robert A. Gross.
|
| 260 |
|
|
|a New York :
|b Wiley,
|c c1984.
|
| 300 |
|
|
|a xiii, 328 p. :
|b ill. ;
|c 25 cm.
|
| 500 |
|
|
|a "A Wiley-Interscience publication."
|
| 504 |
|
|
|a Includes bibliographical references and index.
|
| 541 |
|
|
|e 27493
|
| 650 |
|
0 |
|a Nuclear fusion.
|9 3158
|
| 650 |
|
0 |
|a Fusion reactors.
|9 3159
|
| 942 |
|
|
|2 ddc
|c BK
|
| 999 |
|
|
|c 13988
|d 13988
|
| 952 |
|
|
|0 0
|1 0
|2 ddc
|4 0
|6 621_484000000000000_GRO
|7 0
|9 23440
|a BRACUL
|b BRACUL
|c GEN
|d 2013-09-17
|e Trim Education
|g 9425.00
|l 1
|m 7
|o 621.484 GRO
|p 3010027493
|r 2022-08-13
|s 2022-06-13
|t 1
|w 2013-09-17
|y BK
|